| 000 | 00727nam a22001697a 4500 | ||
|---|---|---|---|
| 008 | 100726s1967 xxu||||| |||| 00| 0 ara d | ||
| 082 |
_222 _a181.07 _bك ر م |
||
| 100 | 1 |
_916841 _aالكرمانى ، أحمد حميد الدين |
|
| 245 |
_aراحة العقل / _cأحمد حميد الدين الكرمانى ؛ تقديم وتحقيق مصطفى غالب |
||
| 260 |
_aبيروت : _bدار الاندلس ، _c1967. |
||
| 300 |
_a591 ص ؛ _bايض : _c24 سم. |
||
| 504 | _aيحتوى على إرجاعات ببليوجرافية | ||
| 541 |
_aألف باء ؛ _cشراء ؛ |
||
| 650 |
_916842 _aالإسلام و الكون |
||
| 700 |
_916843 _aغالب ،مصطفى _eتقديم وتحقيق |
||
| 942 |
_2ddc _cBB |
||
| 999 |
_c14559 _d14559 |
||